000 01524nam a2200121Ia 4500
008 220620s9999||||xx |||||||||||||| ||und||
245 0 _aEnergy Efficient Cities of Today and Tomorrow
546 _aEnglish[eng]
650 _apro-environmental attitude||pro-environmental behavior||greenhouse gases||urban zones||local travel||national travel||international travel||energy efficient refurbishment measures||residential buildings||decision-making||Theory of Planned Behavior||energy audit||green buildings||LEED rating system||operation and management||methodology||workflow||historic buildings||energy transition||sustainable cities||transition roadmaps||renewable energies||policymaking||energy democracy||energy mapping||household size||household economies of scale||carbon footprint||energy footprint||consumption||European Union||urban||rural||population density||climate change mitigation||energy community||urban building energy modelling||transition management||multi-level perspective||sustainable transition||energy modelling||urban scale energy modelling||building energy use||localized weather data||urban building energy use model||Manhattan||modelling||Wepro model||residential||household||electricity||load profiles||LPG||ALPG||Swedish cities||passenger transport energy use||urban form||transport infrastructure||mobility patterns||public transport||non-motorized modes
700 _aHeinonen, Jukka||Ala-Mantila, Sanna||Akizu-Gardoki, Ortzi
856 _uhttps://mdpi.com/books/pdfview/book/3561
942 _cEB
999 _c26663
_d26663